000 00445nam a2200181 a 4500
001 1772446938340
003 YourLibrary
005 20260302155321.0
008 260302s2007##################000#0#eng##
020 _a9780415440295
082 0 4 _a327.05
_bIIS
100 1 _aAllin, Dana,
_eauthor.
245 1 0 _aSurvival 49. 3 :
260 _c2007.
650 0 _aPolitical Science.
942 _cENGLISH
040 _aYourLibrary
_beng
_cYourLibrary
999 _c616510
_d616510